The Bribery Act 2010 (Record no. 112138)

MARC details
000 -LEADER
fixed length control field 01055cad a22001935a 4500
001 - CONTROL NUMBER
control field L152642
008 - FIXED-LENGTH DATA ELEMENTS--GENERAL INFORMATION
fixed length control field 110407s2011 xxk f 000 0 eng d
035 ## - SYSTEM CONTROL NUMBER
System control number (Sirsi) u152642
041 0# - LANGUAGE CODE
Language code of text/sound track or separate title eng
110 2# - MAIN ENTRY--CORPORATE NAME
Corporate name or jurisdiction name as entry element United Kingdom
Subordinate unit Ministry of Justice
9 (RLIN) 5477
245 04 - TITLE STATEMENT
Title The Bribery Act 2010
Remainder of title guidance about procedures which relevant commercial organisations can put into place to prevent persons associated with them from bribing (section 9 of the Bribery Act 2010)
Medium [electronic resource]
260 ## - PUBLICATION, DISTRIBUTION, ETC.
Place of publication, distribution, etc. [S.l.]
Name of publisher, distributor, etc. Ministry of Justice
Date of publication, distribution, etc. 2011
520 ## - SUMMARY, ETC.
Summary, etc. This detailed guidance from the Ministry of Justice, published under section 9 of the Act, will help commercial organisations of all sizes and sectors understand what sorts of procedures they can put in place to prevent bribery.
590 ## - LOCAL NOTE (RLIN)
Local note KA NTK
651 #4 - SUBJECT ADDED ENTRY--GEOGRAPHIC NAME
Geographic name United Kingdom
Chronological subdivision
690 ## - LOCAL SUBJECT ADDED ENTRY--TOPICAL TERM (OCLC, RLIN)
Topical term or geographic name as entry element MANAGEMENT-BUSINESS MANAGEMENT-PROFESSIONAL PRACTICE
856 40 - ELECTRONIC LOCATION AND ACCESS
Uniform Resource Identifier <a href="https://www.justice.gov.uk/guidance/docs/bribery-act-2010-guidance.pdf">https://www.justice.gov.uk/guidance/docs/bribery-act-2010-guidance.pdf</a>
Public note View this item free of charge at www.justice.gov.uk
942 ## - ADDED ENTRY ELEMENTS (KOHA)
Suppress in OPAC 0
Holdings
Withdrawn status Lost status Source of classification or shelving scheme Damaged status Not for loan Home library Current library Shelving location Date acquired Total Checkouts Full call number Barcode Date last seen Copy number Price effective from Koha item type
    Dewey Decimal Classification     Virtual Virtual Online 07/04/2011   ONLINE PUBLICATION 152642-1001 06/08/2019 1 06/08/2019 Book